000 00802nam a2200253 a 4500
001 000014537
005 20200929163851.0
008 100113s1999 sp a 000 f spa d
020 _a8437617677
040 _aDO-SdBNP
_bspa
_cBNPHU
082 _a863.6
_bB644f
100 1 _aBlasco Ibáñez, Vicente,
_d1867-1928
_915017
245 1 0 _aFlor de mayo /
_cVicente Blasco Ibáñez ; edición de José Mas y María Teresa Mateu.
260 _aMadrid :
_bCátedra,
_c1999.
300 _a244, [3] p. :
_bil. ;
_c18 cm.
490 1 _aLetras hispánicas
_v499
650 4 _aNovela española
_91123
650 4 _aLiteratura española
_9632
700 1 _aMas, José,
_eed.
_915019
700 1 _aMateu, María Teresa,
_eed.
_915020
830 0 _aLetras hispánicas ;
_v499
_94208
910 _aWM
049 _aBNGR
999 _c14124
_d14124